000 00519cam a22002171 4500
001 sa 68011580
003 DLC
005 20260227112602.0
008 890810s1963 ii 000 0 tamo
010 _asa 68011580
035 _a(OCoLC)20158720
040 _aDLC
_cWaU
_dDLC
042 _apremarc
050 0 0 _aPL4754.T58
_bT3
100 0 _aTamil̲ōviyan̲.
245 1 0 _aTolkāppiyar kālam.
260 _c[1963]
300 _a19 p.
_c18 cm.
500 _aIn Tamil.
600 0 0 _aTolkāppiyar.
_tTolkāppiyam.
999 _c83986
_d83986